00327nam a2200121Ia 4500008004100000082001700041100001700058245003600075600001100111630003600122700001100158730003600169090122s9999 xx 000 0 und d b6762aO111:B aBhanotbTcR aChildren's Picture word book 3 aBhanot aChildren's Picture word book 3 aBhanot aChildren's Picture word book 3